000 00730nam a2200217 a 4500
001 6537
005 20180713190408.0
008 140415s1990 mx 000 0 spa d
020 _a9686199837
041 _aspa
082 _a346.015
_bBAQ
100 1 _aBAQUEIRO ROJAS, EDGAR
245 1 0 _aDERECHO DE FAMILIA Y SUCESIONES
250 _a1a ed.
260 _aMEXICO :
_bHARLA,
_c1990
300 _a493
_cx 17 x 23
490 _aCOLE. TEXTOS JURÍDICOS UNIVERSITARIOS
520 _aESTE LIBRO SE PROPONE INTRODUCIR EN EL ESTUDIO Y APRENDIZAJE DE LOS ASPECTOS FUNDAMENTALES DEL DERECHO DE FAMILIA
650 1 4 _aDERECHO DE FAMILIA
_xRELACIONES DE FAMILIA
_xDERECHO
700 1 _aBUENROSTRO BAEZ, ROSALIA
_ecoaut.
999 _c6537
_d6537